000 00599nam a2200241Ia 4500
003 OSt
005 20221005090149.0
006 a|||||r|||| 00| 0
007 ta
008 221004b |||||||| |||| 00| 0 eng d
024 _a27426
037 _cTextual
040 _aCRL
_cCRL
_beng
041 _2eng
_aeng
082 _aB, M6
100 _aYoung Frederick H
_9614944
245 0 _aNature of mathematics
260 _aNew York
_bJohn Wiley
_c1986
300 _a407p
_ccm.
650 _aMATHEMATICS
942 _hB, M6
_cTEXL
_2cc
999 _c995324
_d995324